00753nam a2200169 i 450000100060000000300090000600500170001500700030003200800410003511100970007624501410017326000500031430000480036485200320041299900170044495201220046126701ES-MaACL20230906153503.0t|030110s1970 sp ||||1| spa d2 aAsamblea Nacional de Antracita y de la Minería Leonesa del Carbón (d1970. cLeón)92710aAsamblea Nacional de Antracita y dela Minería Leonesa del Carbónb: conferencias magistrales, ponencias, conclusiones definitivas... aLeón : b[s.n., c1970] (fImp. Provincial) a303 p., 21 lám. : b19 gráf. ; c24 cm. aES-MaACLjC-41308 bR.74890 c26701d26701 00104070aATENEOMbATENEOMcDEPO2d2008-01-17eSCl0oC-41308p1027554r2023-02-23 00:00:00w2023-02-23yMONOGRAFIA